Kedy sa niektorá zo starých firiem zmení na Uber
Uber, Facebook, Alibaba a Airbnb - najznámejšie no nie jediné príklady digitálnych platforiem, ktoré od základu prekopávajú mnohé odvetvia. Čo stojí za ich úspechom. Digitálne plaformy na Slovensku - JaSpravím, SAShe, Yuve. Zmena v spotrebiteľskom správaní. Tradičné firmy a budovanie platforiem. Väč...
Gespeichert in:
| 1. Verfasser: | |
|---|---|
| Format: | Buchkapitel |
| Sprache: | Slowakisch |
| Schlagworte: | |
| Tags: |
Keine Tags, Fügen Sie das erste Tag hinzu!
|
MARC
| LEADER | 00000naa a2200000 4500 | ||
|---|---|---|---|
| 001 | 0229230 | ||
| 005 | 20170410134858.9 | ||
| 041 | 0 | |a slo | |
| 044 | |a SK | ||
| 245 | 1 | 0 | |a Kedy sa niektorá zo starých firiem zmení na Uber |c Martin Valášek |
| 520 | |a Uber, Facebook, Alibaba a Airbnb - najznámejšie no nie jediné príklady digitálnych platforiem, ktoré od základu prekopávajú mnohé odvetvia. Čo stojí za ich úspechom. Digitálne plaformy na Slovensku - JaSpravím, SAShe, Yuve. Zmena v spotrebiteľskom správaní. Tradičné firmy a budovanie platforiem. Väčšinu podnikov zo strednej a východnej Európy hlavná fáza digitalizácie iba čaká. | ||
| 610 | 2 | 0 | |a digitalizácia |
| 610 | 2 | 0 | |a technológie informačné |
| 610 | 2 | 0 | |a technológie komunikačné |
| 610 | 2 | 0 | |a ekonomika zdieľaná |
| 610 | 2 | 0 | |a služby |
| 610 | 2 | 0 | |a firmy |
| 100 | 1 | |a Valášek, Martin | |